| 000 | 00833nam a2200205 a 4500 | ||
|---|---|---|---|
| 001 | 53187 | ||
| 005 | 20180714043334.0 | ||
| 008 | 140415s2008 mx 000 0 spa d | ||
| 020 | _a9789707141520 | ||
| 041 | _aspa | ||
| 082 |
_a864 _bCUR |
||
| 245 | 0 | 0 |
_aEN LA ISLA DESIERTA : _bUNA LECTURA DE LA OBRA DE SALVADOR ELIZONDO |
| 250 | _a1a ed. | ||
| 260 |
_aMEXICO : _bALDUS, _c2008 |
||
| 300 |
_a225 _c14.2 x 2.5 x 20.5 |
||
| 490 | _aAUTORES, TEXTOS Y TEMAS HERMENEUSIS | ||
| 520 | _aEN LA OBRA DE SALVADOR ELIZONDOEL CONCEPTO Y LA PRACTICA DE LA ESCRITURA IMPLICAN ROMPER CON LA IDEA TRADICIONAL QUE LA LITERATURA TENGA FORZOSAMENTE ALGO QUE DECIR Y QUE, ADEMAS, ESE ALGO SE EXPRESE POR MEDIOS DE GENEROS ESPECIFICOS. | ||
| 650 | 1 | 4 |
_aLITERATURA MEXICANA _xNOVELA MEXICANA |
| 700 | 1 |
_aCURLEY, DERMOT F. _ecoaut. |
|
| 999 |
_c53187 _d53187 |
||